Congreso del Partido Socialista Costarricense: informe de la secretaría de asuntos campesinos al segundo congreso

Guardado en:
書目詳細資料
企業作者: Partido Socialista Costarricense
格式: Texto
出版: San José: PSC
標簽: 添加標簽
沒有標簽, 成為第一個標記此記錄!

MARC

LEADER 00000 a a2200000 04500
001 16560
003
040
090 |a EXTRAVIADO  
110 |a Partido Socialista Costarricense  
245 |a Congreso del Partido Socialista Costarricense: informe de la secretaría de asuntos campesinos al segundo congreso  
260 |a San José:   |b PSC  
300 |a 11 p.  
999 |c 7759  |d 7759